Normal view
MARC view
- Jefferies, Mike,
Entry Personal Name
001 - CONTROL NUMBER
- control field: 24575
003 - CONTROL NUMBER IDENTIFIER
- control field: NUST
005 - DATE AND TIME OF LATEST TRANSACTION
- control field: 20191023103246.0
008 - FIXED-LENGTH DATA ELEMENTS
- fixed length control field: 191023|| aca||aabn | a|a d
040 ## - CATALOGING SOURCE
- Original cataloging agency: NUST
- Transcribing agency: NUST
100 ## - HEADING--PERSONAL NAME
- Personal name: Jefferies, Mike,
- Dates associated with a name: 1952-
670 ## - SOURCE DATA FOUND
- Source citation: Work cat.: (NUST)0: Jefferies, Mike, 1952-, Soil liquefaction :, 2006.
